[Event "Hastings Masters op"]
[Site "Hastings"]
[Date "2023.12.30"]
[Round "3"]
[White "Weersing, Abigail Riis"]
[Black "Han, Qixuan"]
[Result "1-0"]
[WhiteElo "2056"]
[BlackElo "1603"]
[PlyCount "89"]
[EventDate "2023.12.28"]
[EventType "swiss"]
[EventRounds "9"]
[EventCountry "ENG"]
[SourceTitle "CB02_2024"]
[SourceDate "2024.01.10"]
[SourceVersion "1"]
[SourceVersionDate "2024.01.10"]
[SourceQuality "1"]

1. d4 d5 2. c4 c6 3. Nc3 Nf6 4. e3 Bf5 5. cxd5 cxd5 6. Qb3 Nc6 7. Qxb7 Bd7 8. Qb3 Rb8 9. Qd1 e5 10. dxe5 Nxe5 11. Be2 Bd6 12. Nf3 Nxf3+ 13. Bxf3 Qc7 14. h3 0-0 15. 0-0 Rfd8 16. Qd3 Bh2+ 17. Kh1 Be5 18. Rd1 Ne4 19. Nxe4 dxe4 20. Qxe4 Bc6 21. Qg4 Rxd1+ 22. Bxd1 Qa5 23. f4 Qe1+ 24. Kh2 Bf6 25. Qe2 Qa5 26. Bd2 Qd5 27. Bc3 Bxc3 28. bxc3 h5 29. Bb3 Qe4 30. Bc2 Qd5 31. e4 Qa5 32. Qc4 Qc7 33. e5 Rb2 34. Rc1 Qb7 35. Qd3 g6 36. Qd8+ Kh7 37. Qg5 Rxa2 38. f5 Be4 39. fxg6+ fxg6 40. Bxe4 Qxe4 41. Rf1 Qd5 42. Qe7+ Kh6 43. Qf8+ Kg5 44. h4+ Kxh4 45. Qf4# 1-0

[Event "GBR-ch 109th"]
[Site "Leicester"]
[Date "2023.07.27"]
[Round "6"]
[White "Starley, Robert"]
[Black "Weersing, Abigail Riis"]
[Result "0-1"]
[WhiteElo "2064"]
[BlackElo "1919"]
[PlyCount "108"]
[EventDate "2023.07.22"]
[EventType "swiss"]
[EventRounds "9"]
[EventCountry "ENG"]
[SourceTitle "CBM 215 Extra"]
[Source "ChessBase"]
[SourceDate "2023.09.30"]
[SourceVersion "1"]
[SourceVersionDate "2023.09.30"]
[SourceQuality "1"]

1. e4 e6 2. d4 d5 3. e5 c5 4. c3 Nc6 5. Nf3 Bd7 6. Bd3 Qb6 7. 0-0 cxd4 8. cxd4 Nxd4 9. Nxd4 Qxd4 10. Nc3 a6 11. Qe2 Ne7 12. Rd1 Qa7 13. Be3 b6 14. f4 Ng6 15. f5 exf5 16. Nxd5 Bc5 17. e6 Bxe6 18. Bxf5 0-0 19. Bxc5 bxc5 20. Bxe6 Rae8 21. Bxf7+ Qxf7 22. Qc2 Re5 23. Nc3 Rf5 24. Ne4 c4 25. Nd6 Qa7+ 26. Kh1 Rf4 27. Qe2 Qb8 28. Nxc4 Rf2 29. Qe4 Kh8 30. g3 Qb5 31. Rd5 Qb4 32. a3 Qb3 33. Qd3 Qb7 34. Kg1 Ne7 35. Rd1 Nxd5 36. Qxd5 Qe7 37. Qd3 Qf6 38. Ne3 Rf3 39. Qe4 h6 40. Ng4 Qb6+ 41. Kg2 Qxb2+ 42. Kh3 R3f5 43. Rd5 Rxd5 44. Qxd5 Qb5 45. Qd4 Qf5 46. Kh4 Kh7 47. Qa7 Qg5+ 48. Kh3 Qh5+ 49. Kg2 Qxg4 50. Qxa6 Qe4+ 51. Kh3 Rf5 52. g4 Qf3+ 53. Kh4 g5+ 54. Kh5 Qh3# 0-1

[Event "GBR-ch 109th"]
[Site "Leicester"]
[Date "2023.07.26"]
[Round "5"]
[White "Weersing, Abigail Riis"]
[Black "Merriman, James"]
[Result "0-1"]
[WhiteElo "1919"]
[BlackElo "2067"]
[PlyCount "106"]
[EventDate "2023.07.22"]
[EventType "swiss"]
[EventRounds "9"]
[EventCountry "ENG"]
[SourceTitle "CBM 215 Extra"]
[Source "ChessBase"]
[SourceDate "2023.09.30"]
[SourceVersion "1"]
[SourceVersionDate "2023.09.30"]
[SourceQuality "1"]

1. d4 Nf6 2. c4 e6 3. Nc3 Bb4 4. Qc2 d5 5. cxd5 Qxd5 6. e3 0-0 7. Bd2 Bxc3 8. Bxc3 b6 9. f3 Ba6 10. Bxa6 Nxa6 11. Qe2 Qb7 12. Nh3 Nd5 13. Bd2 c5 14. e4 Ndb4 15. Bxb4 Nxb4 16. dxc5 bxc5 17. 0-0 Rfd8 18. Nf2 Rd4 19. a3 Nc6 20. Rac1 Qb6 21. Rc2 Rd6 22. Qe3 Nd4 23. Rd2 Rad8 24. Rfd1 c4 25. Kh1 e5 26. Ng4 f6 27. Qc3 Qb3 28. Qxb3 cxb3 29. Ne3 Rc8 30. h3 Rdc6 31. Nd5 Kf7 32. Nc3 g5 33. Kg1 h5 34. Rf1 h4 35. Rfd1 a5 36. Kf2 Rc4 37. a4 Rxc3 38. bxc3 Rxc3 39. Rb1 Ke6 40. Kf1 Kd6 41. Ra1 Kc5 42. Kf2 Kb4 43. Kf1 Rc2 44. Ke1 Kc3 45. Rad1 Rxd2 46. Rxd2 b2 47. Rd1 Kc2 48. Rd2+ Kb3 49. Rd1 Ka2 50. Kd2 b1Q 51. Rxb1 Kxb1 52. Kc3 Ka2 53. Kc4 Ka3 0-1

[Event "GBR-ch 109th"]
[Site "Leicester"]
[Date "2023.07.23"]
[Round "2"]
[White "Balaji, Aaravamudhan"]
[Black "Weersing, Abigail Riis"]
[Result "1-0"]
[WhiteElo "2334"]
[BlackElo "1919"]
[PlyCount "81"]
[EventDate "2023.07.22"]
[EventType "swiss"]
[EventRounds "9"]
[EventCountry "ENG"]
[SourceTitle "CBM 215 Extra"]
[Source "ChessBase"]
[SourceDate "2023.09.30"]
[SourceVersion "1"]
[SourceVersionDate "2023.09.30"]
[SourceQuality "1"]

1. Nf3 Nf6 2. c4 e6 3. g3 d5 4. Bg2 c6 5. b3 Be7 6. 0-0 0-0 7. Bb2 Nbd7 8. d3 a5 9. Nbd2 a4 10. Qc2 Qb6 11. e4 dxe4 12. dxe4 Nc5 13. e5 Nfd7 14. Bd4 Qc7 15. Rad1 h6 16. h4 b6 17. Bc3 axb3 18. axb3 Bb7 19. Rfe1 Ra7 20. Ra1 Rfa8 21. Rxa7 Rxa7 22. Nf1 Na6 23. Qd2 Ndc5 24. Qc2 Nd7 25. N1h2 Nb4 26. Qb1 Na2 27. Bd2 Bb4 28. Qc2 Bc5 29. Ng4 Nb4 30. Qe4 Bf8 31. Nxh6+ gxh6 32. Qg4+ Kh7 33. Qh5 Nb8 34. Ng5+ Kg8 35. Be4 c5 36. Nh7 Bxe4 37. Nf6+ Kh8 38. Rxe4 Bg7 39. Bxh6 Bxf6 40. exf6 Ra1+ 41. Kh2 1-0

[Event "ENG-ch Chessable (Women)"]
[Site "Kenilworth"]
[Date "2023.05.29"]
[Round "7"]
[White "Weersing, Abigail Riis"]
[Black "Gorrepati, Soumya"]
[Result "1-0"]
[WhiteElo "1932"]
[BlackElo "1612"]
[PlyCount "101"]
[EventDate "2023.05.26"]
[EventType "swiss"]
[EventRounds "7"]
[EventCountry "ENG"]
[SourceTitle "CBM 214 Extra"]
[Source "ChessBase"]
[SourceDate "2023.07.31"]
[SourceVersion "1"]
[SourceVersionDate "2023.07.31"]
[SourceQuality "1"]

1. d4 d5 2. c4 c6 3. Nf3 Nf6 4. Nc3 e6 5. Bg5 h6 6. Bh4 Nbd7 7. e3 Bb4 8. Qc2 Qa5 9. Nd2 0-0 10. Bd3 dxc4 11. Nxc4 Qh5 12. Bg3 b5 13. Ne5 Nxe5 14. dxe5 Nd5 15. 0-0 Nxc3 16. bxc3 Ba5 17. Be4 Bb7 18. c4 Rac8 19. Rad1 Rc7 20. c5 Ba6 21. Rd4 b4 22. Rb1 Qe2 23. Qxe2 Bxe2 24. Rd6 Bb5 25. f4 Rcc8 26. Be1 Bc7 27. Bxb4 Bxd6 28. exd6 Rfd8 29. Ba5 Rd7 30. Rb4 f5 31. Bf3 Kf7 32. e4 Bd3 33. e5 g5 34. Kf2 g4 35. Bd1 h5 36. Kg3 Rh8 37. Kh4 Bf1 38. Rb2 Kg6 39. Ba4 Rc8 40. Kg3 Bd3 41. Kf2 h4 42. Ke3 Bb5 43. Bxb5 cxb5 44. Kd4 a6 45. Bb6 Kf7 46. Rc2 Rc6 47. Rc3 Ke8 48. Ra3 Rb7 49. Rxa6 Kd7 50. Ra8 Rc8 51. c6+ 1-0

[Event "ENG-ch Chessable (Women)"]
[Site "Kenilworth"]
[Date "2023.05.27"]
[Round "3"]
[White "Weersing, Abigail Riis"]
[Black "Pert, Nina P"]
[Result "0-1"]
[WhiteElo "1932"]
[BlackElo "1999"]
[PlyCount "102"]
[EventDate "2023.05.26"]
[EventType "swiss"]
[EventRounds "7"]
[EventCountry "ENG"]
[SourceTitle "CBM 214 Extra"]
[Source "ChessBase"]
[SourceDate "2023.07.31"]
[SourceVersion "1"]
[SourceVersionDate "2023.07.31"]
[SourceQuality "1"]

1. d4 d5 2. c4 e6 3. Nc3 c5 4. cxd5 cxd4 5. Qxd4 Nc6 6. Qd1 exd5 7. Qxd5 Qc7 8. e3 Nf6 9. Qb3 a6 10. Nf3 Be6 11. Qa4 Bd7 12. a3 Rd8 13. Qc2 Ne5 14. Be2 Bc6 15. Qf5 Ng6 16. 0-0 Bd6 17. g3 h5 18. Nd4 Bd7 19. Qc2 h4 20. Ne4 Nxe4 21. Qxe4+ Kf8 22. Bd2 Re8 23. Qc2 Qb6 24. Qb3 Qd8 25. Bb4 Bxb4 26. Qxb4+ Kg8 27. Bf3 Qg5 28. Rfd1 Ne5 29. Bg2 Qh6 30. Qxb7 Bg4 31. Rdc1 Qf6 32. f4 hxg3 33. hxg3 Nd3 34. Qc6 Qe7 35. e4 Nxc1 36. Rxc1 Rc8 37. Qxc8+ Bxc8 38. Rxc8+ Kh7 39. Rc6 Qa7 40. Rd6 Qc5 41. e5 Qc1+ 42. Bf1 Rb8 43. b4 Qxa3 44. Nc6 Qe3+ 45. Kg2 Rc8 46. Bd3+ g6 47. Ne7 Rc1 48. Bf1 Rc3 49. Nd5 Qxg3+ 50. Kh1 Rc2 51. Nf6+ Kg7 0-1

[Event "ENG-ch Chessable (Women)"]
[Site "Kenilworth"]
[Date "2023.05.26"]
[Round "2"]
[White "Toma, Katarzyna"]
[Black "Weersing, Abigail Riis"]
[Result "0-1"]
[WhiteElo "2254"]
[BlackElo "1932"]
[PlyCount "54"]
[EventDate "2023.05.26"]
[EventType "swiss"]
[EventRounds "7"]
[EventCountry "ENG"]
[SourceTitle "CBM 214 Extra"]
[Source "ChessBase"]
[SourceDate "2023.07.31"]
[SourceVersion "1"]
[SourceVersionDate "2023.07.31"]
[SourceQuality "1"]

1. e4 e6 2. d4 d5 3. Nc3 Nf6 4. e5 Nfd7 5. Nce2 c5 6. c3 Nc6 7. Nf3 a6 8. h4 b5 9. Nf4 cxd4 10. cxd4 Bb4+ 11. Bd2 Qa5 12. Nd3 Bxd2+ 13. Qxd2 Qxd2+ 14. Kxd2 Rb8 15. Be2 a5 16. Rhc1 Rb6 17. Nc5 Nxc5 18. dxc5 Rb8 19. Ke3 f6 20. Nd4 Nxd4 21. Kxd4 Kd7 22. c6+ Kc7 23. exf6 gxf6 24. Rc5 Rg8 25. g3 Rb6 26. Rxb5 Rg4+ 27. Kc5 Rxc6# 0-1

[Event "ENG-ch Chessable (Women)"]
[Site "Kenilworth"]
[Date "2023.05.26"]
[Round "1"]
[White "Weersing, Abigail Riis"]
[Black "Walker, Kate"]
[Result "1-0"]
[WhiteElo "1932"]
[BlackElo "1541"]
[PlyCount "55"]
[EventDate "2023.05.26"]
[EventType "swiss"]
[EventRounds "7"]
[EventCountry "ENG"]
[SourceTitle "CBM 214 Extra"]
[Source "ChessBase"]
[SourceDate "2023.07.31"]
[SourceVersion "1"]
[SourceVersionDate "2023.07.31"]
[SourceQuality "1"]

1. d4 d5 2. c4 e6 3. Nc3 Nf6 4. Bg5 Be7 5. Nf3 Nbd7 6. e3 0-0 7. Bd3 dxc4 8. Bxc4 c6 9. 0-0 b5 10. Bd3 Bb7 11. Rc1 a6 12. a4 b4 13. Bxf6 Nxf6 14. Ne4 Nxe4 15. Bxe4 Rc8 16. Ne5 Bd6 17. f4 Bxe5 18. fxe5 Qb6 19. Rc5 b3 20. Qe1 Rc7 21. a5 Qa7 22. Qh4 g6 23. Qh6 f5 24. exf6 Qb8 25. Bxg6 Rff7 26. Bxf7+ Rxf7 27. Rg5+ Kh8 28. Rg7 1-0

[Event "Cambridge op"]
[Site "Cambridge"]
[Date "2023.02.16"]
[Round "4"]
[White "Weersing, Abigail Riis"]
[Black "Shafi, Declan"]
[Result "1/2-1/2"]
[WhiteElo "1827"]
[BlackElo "2201"]
[PlyCount "113"]
[EventDate "2023.02.15"]
[EventType "swiss"]
[EventRounds "9"]
[EventCountry "ENG"]
[SourceTitle "CBM 212 Extra"]
[Source "ChessBase"]
[SourceDate "2023.03.31"]
[SourceVersion "1"]
[SourceVersionDate "2023.03.31"]
[SourceQuality "1"]

1. d4 Nf6 2. c4 g6 3. Nc3 d5 4. Nf3 Bg7 5. Qa4+ Nc6 6. Bg5 Ne4 7. cxd5 Nxc3 8. bxc3 Qxd5 9. e3 0-0 10. Bc4 Qf5 11. 0-0 a6 12. Qd1 e5 13. Bh4 h6 14. Re1 e4 15. Nd2 Be6 16. Bb3 Rae8 17. Bc2 Bc8 18. Bg3 Qa5 19. Nxe4 f5 20. Nc5 Kh7 21. Qd2 Re7 22. Nb3 Qd5 23. Bd1 Qf7 24. Bf3 g5 25. Nc5 Na5 26. Qd3 h5 27. h3 Kh8 28. Rab1 b6 29. Nb3 Nc4 30. Bxh5 Qxh5 31. Qxc4 g4 32. h4 Bf6 33. Kh2 f4 34. Bxf4 Qxh4+ 35. Kg1 Rh7 36. Kf1 Qh1+ 37. Ke2 Qxg2 38. Nd2 Bf5 39. Rg1 Qb7 40. Rbe1 Rd8 41. Kd1 c5 42. Kc1 cxd4 43. exd4 Rc8 44. Qb4 a5 45. Qb3 Bxd4 46. Be5+ Bxe5 47. Rxe5 Rhc7 48. Rg3 Qh1+ 49. Kb2 Rd8 50. Nc4 Qb1+ 51. Ka3 Qc1+ 52. Qb2 Qxb2+ 53. Kxb2 Bc8 54. Ne3 Rd2+ 55. Kc1 Rxf2 56. Nxg4 Bxg4 57. Rxg4 1/2-1/2

[Event "ENG-ch U16"]
[Site "Torquay"]
[Date "2022.08.11"]
[Round "6"]
[White "Weersing, Abigail Riis"]
[Black "Ismail, Mohammed Aayan"]
[Result "1-0"]
[WhiteElo "1739"]
[BlackElo "1919"]
[PlyCount "155"]
[EventDate "2022.08.08"]
[EventType "swiss"]
[EventRounds "7"]
[EventCountry "ENG"]
[SourceTitle "EXT 2023"]
[Source "ChessBase"]
[SourceDate "2022.10.05"]
[SourceVersion "1"]
[SourceVersionDate "2022.10.05"]
[SourceQuality "1"]

1. d4 Nf6 2. c4 e6 3. Nc3 Bb4 4. Qc2 d5 5. Nf3 0-0 6. Bg5 h6 7. Bh4 Nbd7 8. e3 b6 9. cxd5 exd5 10. Bd3 Bb7 11. 0-0 Be7 12. Rac1 c5 13. Rfd1 c4 14. Be2 a6 15. a4 Ne8 16. Bg3 Bd6 17. Ne5 Qe7 18. Bf3 Bxe5 19. dxe5 Nxe5 20. Bxe5 Qxe5 21. Bxd5 Bxd5 22. Rxd5 Qc7 23. Ne4 Rc8 24. Qd2 Qe7 25. Qd4 Qb4 26. h3 Rc6 27. Nd2 Nf6 28. Rd8 Rxd8 29. Qxd8+ Kh7 30. Rxc4 Rxc4 31. Qd3+ Re4 32. f3 Qxa4 33. fxe4 g6 34. e5 Nd7 35. Qd4 Nc5 36. Nc4 Ne6 37. Qc3 Qc6 38. Qb3 Qd5 39. Qc3 Qc5 40. Nd6 Qxc3 41. bxc3 a5 42. Nc4 a4 43. Kf2 Nc5 44. Ke2 g5 45. Kd2 Nd7 46. Kc2 Kg6 47. e4 b5 48. Na3 Nxe5 49. Nxb5 Nc4 50. g4 Kf6 51. Nd4 Nd6 52. Kb2 Nxe4 53. Nf5 h5 54. c4 Nc5 55. Ka3 hxg4 56. hxg4 Ke5 57. Kb4 Nd7 58. Kxa4 Kf4 59. Nh6 Ke5 60. Nxf7+ Kd4 61. Kb5 Ke4 62. c5 Nf6 63. c6 Nd5 64. Kc5 Ne7 65. Kd6 Nc8+ 66. Kd7 Nb6+ 67. Kd8 Kd5 68. c7 Ke6 69. Nh6 Kd6 70. c8Q Nxc8 71. Kxc8 Ke6 72. Kc7 Ke5 73. Kd7 Kf6 74. Kd6 Kg7 75. Nf5+ Kf6 76. Ng3 Kg6 77. Ke6 Kg7 78. Kf5 1-0

[Event "ENG-ch U16"]
[Site "Torquay"]
[Date "2022.08.09"]
[Round "2"]
[White "Weersing, Abigail Riis"]
[Black "Gardner, Leo"]
[Result "1-0"]
[WhiteElo "1739"]
[BlackElo "1724"]
[PlyCount "107"]
[EventDate "2022.08.08"]
[EventType "swiss"]
[EventRounds "7"]
[EventCountry "ENG"]
[SourceTitle "EXT 2023"]
[Source "ChessBase"]
[SourceDate "2022.10.05"]
[SourceVersion "1"]
[SourceVersionDate "2022.10.05"]
[SourceQuality "1"]

1. d4 Nf6 2. c4 g6 3. Nc3 Bg7 4. e4 d6 5. Nge2 0-0 6. Ng3 e5 7. d5 a5 8. Be2 Na6 9. h4 h5 10. Bg5 Qe8 11. Qd2 Bd7 12. f3 Nh7 13. Bh6 Qe7 14. 0-0-0 Nc5 15. Rdg1 Rfe8 16. Bxg7 Kxg7 17. Nf1 f6 18. g4 hxg4 19. fxg4 Rh8 20. Ng3 b6 21. Nf5+ Bxf5 22. gxf5 g5 23. Bh5 Nd7 24. Rg2 Kf8 25. Rhg1 Kg7 26. Nd1 Rag8 27. Nf2 Kf8 28. Nh3 Rg7 29. Bg6 Rhg8 30. hxg5 fxg5 31. Bxh7 Rxh7 32. Nxg5 Rxg5 33. Qxg5 Qxg5+ 34. Rxg5 Nf6 35. Rg6 Nxe4 36. f6 Kf7 37. Rg7+ Rxg7 38. Rxg7+ Kxf6 39. Rxc7 Nc5 40. Kd2 Kf5 41. Ke3 e4 42. Rc6 Ke5 43. Rxb6 Nd7 44. Rb7 Nc5 45. Ra7 a4 46. Rf7 Nd3 47. b3 Nc1 48. bxa4 Nxa2 49. a5 Nb4 50. Rb7 Nc2+ 51. Kd2 Nd4 52. a6 Kf4 53. Re7 e3+ 54. Rxe3 1-0

[Event "ENG-ch U16"]
[Site "Torquay"]
[Date "2022.08.08"]
[Round "1"]
[White "Jithendra, Raina"]
[Black "Weersing, Abigail Riis"]
[Result "0-1"]
[WhiteElo "1306"]
[BlackElo "1739"]
[PlyCount "68"]
[EventDate "2022.08.08"]
[EventType "swiss"]
[EventRounds "7"]
[EventCountry "ENG"]
[SourceTitle "EXT 2023"]
[Source "ChessBase"]
[SourceDate "2022.10.05"]
[SourceVersion "1"]
[SourceVersionDate "2022.10.05"]
[SourceQuality "1"]

1. e4 e6 2. d4 d5 3. Nd2 dxe4 4. Nxe4 Nd7 5. Nf3 Ngf6 6. Nxf6+ Nxf6 7. Be3 Bd6 8. Bd3 0-0 9. 0-0 b6 10. h3 Bb7 11. c4 Qe7 12. Qe2 c5 13. Rac1 Rfd8 14. Rfd1 Rac8 15. b3 h6 16. Rc2 Nh5 17. Ne5 cxd4 18. Qxh5 dxe3 19. fxe3 Bc5 20. Qe2 Qg5 21. Nf3 Qxe3+ 22. Qxe3 Bxe3+ 23. Kf1 Bc5 24. Ke2 Rd6 25. Rcd2 Rcd8 26. Bc2 Kf8 27. Rxd6 Rxd6 28. Rf1 f6 29. g4 Ke7 30. Nd2 Bb4 31. Ne4 Rd4 32. Ke3 Bc5 33. Nxc5 bxc5 34. Rb1 Bg2 0-1

[Event "UK Challenge Terafinal U18"]
[Site "Blenheim"]
[Date "2021.10.10"]
[Round "9"]
[White "Tanmay, Chopra"]
[Black "Weersing, Abigail Riis"]
[Result "1-0"]
[WhiteElo "1851"]
[BlackElo "1672"]
[PlyCount "51"]
[EventDate "2021.10.09"]
[EventType "tourn (rapid)"]
[EventRounds "11"]
[EventCountry "ENG"]
[SourceTitle "EXT 2023"]
[Source "ChessBase"]
[SourceDate "2022.10.05"]
[SourceVersion "1"]
[SourceVersionDate "2022.10.05"]
[SourceQuality "1"]

1. d4 d5 2. c4 e6 3. Nc3 Nf6 4. Nf3 Be7 5. Bg5 0-0 6. Qc2 b6 7. cxd5 exd5 8. e3 Bb7 9. Bxf6 Bxf6 10. h4 Nd7 11. Bd3 g6 12. h5 Bg7 13. 0-0-0 c5 14. hxg6 fxg6 15. Rh3 c4 16. Be2 Rf6 17. e4 dxe4 18. Ng5 Rc6 19. Ncxe4 Nf6 20. Nxf6+ Rxf6 21. Rxh7 Bd5 22. Rh3 Rxf2 23. Qxg6 Kf8 24. Rf3+ Rxf3 25. Bxf3 Qf6 26. Nh7+ 1-0

[Event "UK Challenge Terafinal U18"]
[Site "Blenheim"]
[Date "2021.10.10"]
[Round "8"]
[White "Weersing, Abigail Riis"]
[Black "Roy, Anika Rachna"]
[Result "1-0"]
[WhiteElo "1672"]
[BlackElo "1267"]
[PlyCount "41"]
[EventDate "2021.10.09"]
[EventType "tourn (rapid)"]
[EventRounds "11"]
[EventCountry "ENG"]
[SourceTitle "EXT 2023"]
[Source "ChessBase"]
[SourceDate "2022.10.05"]
[SourceVersion "1"]
[SourceVersionDate "2022.10.05"]
[SourceQuality "1"]

1. d4 d5 2. c4 dxc4 3. e3 Nf6 4. Bxc4 e6 5. Nf3 c5 6. Nc3 a6 7. 0-0 b5 8. Be2 Bb7 9. b3 Nbd7 10. Bb2 cxd4 11. Nxd4 e5 12. Nf5 g6 13. Nd6+ Bxd6 14. Qxd6 Qb8 15. Qb4 Nb6 16. Rfd1 Qc7 17. Rac1 Bc6 18. Bxb5 Nbd5 19. Bxc6+ Qxc6 20. Nxd5 Nxd5 21. Qe4 1-0

[Event "UK Challenge Terafinal U18"]
[Site "Blenheim"]
[Date "2021.10.09"]
[Round "2"]
[White "Moreby, James"]
[Black "Weersing, Abigail Riis"]
[Result "1-0"]
[WhiteElo "2039"]
[BlackElo "1672"]
[PlyCount "72"]
[EventDate "2021.10.09"]
[EventType "tourn (rapid)"]
[EventRounds "11"]
[EventCountry "ENG"]
[SourceTitle "EXT 2023"]
[Source "ChessBase"]
[SourceDate "2022.10.05"]
[SourceVersion "1"]
[SourceVersionDate "2022.10.05"]
[SourceQuality "1"]

1. c4 Nf6 2. Nc3 e6 3. e4 d5 4. e5 d4 5. exf6 dxc3 6. bxc3 Qxf6 7. Nf3 b6 8. d4 Bb7 9. Bd3 h6 10. Qe2 Nd7 11. a4 Bd6 12. Be4 Bxe4 13. Qxe4 Rb8 14. Qc6 Qd8 15. a5 0-0 16. 0-0 Nf6 17. axb6 axb6 18. Ba3 Qd7 19. Ne5 Qxc6 20. Nxc6 Rb7 21. c5 bxc5 22. dxc5 Bf4 23. Rfd1 Bg5 24. Bb4 Nd5 25. g3 Bf6 26. Ra3 Kh7 27. Kf1 Rb5 28. Ke2 Rxb4 29. cxb4 Nc3+ 30. Rxc3 Bxc3 31. Rd3 Bf6 32. Ra3 Rc8 33. Kd3 Kg8 34. Kc4 Kf8 35. Ra7 Ke8 36. b5 g5 1-0

[Event "Leamington Spa 4NCL op 26th"]
[Site "Leamington Spa"]
[Date "2021.09.11"]
[Round "2"]
[White "Weersing, Abigail Riis"]
[Black "Gardiner, Eric D"]
[Result "1-0"]
[WhiteElo "1704"]
[BlackElo "2016"]
[PlyCount "102"]
[EventDate "2021.09.10"]
[EventType "swiss"]
[EventRounds "5"]
[EventCountry "ENG"]
[SourceTitle "CBM 204 Extra"]
[Source "ChessBase"]
[SourceDate "2021.11.30"]
[SourceVersion "1"]
[SourceVersionDate "2021.11.30"]
[SourceQuality "1"]

1. d4 d5 2. c4 dxc4 3. e3 Nf6 4. Bxc4 e6 5. Nf3 a6 6. Nc3 b5 7. Bd3 Bb7 8. 0-0 c5 9. Qe2 Nbd7 10. Rd1 Qb6 11. Bc2 Be7 12. e4 cxd4 13. Nxd4 Ne5 14. Bg5 0-0 15. Nf3 Nxf3+ 16. Qxf3 Rac8 17. Qh3 h6 18. e5 Ne4 19. Be3 Ng5 20. Bxb6 Nxh3+ 21. gxh3 b4 22. Rd7 bxc3 23. bxc3 Rxc3 24. Rxb7 Rxc2 25. Rxe7 Rb8 26. Be3 Rbb2 27. a3 Rb5 28. Re8+ Kh7 29. Ra8 a5 30. Bd4 Rd5 31. Bb6 Rxe5 32. Rxa5 Ree2 33. Rb5 Ra2 34. Rxa2 Rxa2 35. Bc5 Kg6 36. Rb4 f5 37. a4 e5 38. Kf1 f4 39. Ke1 Kf5 40. Bf8 Ra1+ 41. Ke2 Ra2+ 42. Ke1 Ra1+ 43. Ke2 Ra2+ 44. Kf3 Kf6 45. Bc5 Kf5 46. Re4 Rc2 47. Bb4 Rb2 48. Bc3 Rb3 49. Rxe5+ Kg6 50. Rc5 Kf7 51. Kxf4 Ke8 1-0

[Event "Wch FIDE Online U14 Girls Europe qual"]
[Site "Tornelo INT"]
[Date "2020.12.09"]
[Round "7"]
[White "Weersing, Abigail Riis"]
[Black "Lobo Pereira, Arami"]
[Result "0-1"]
[WhiteElo "1672"]
[BlackElo "1568"]
[PlyCount "87"]
[EventDate "2020.12.07"]
[EventType "swiss (rapid)"]
[EventRounds "7"]
[EventCountry "ISS"]
[SourceTitle "EXT 2022"]
[Source "ChessBase"]
[SourceDate "2021.10.06"]
[SourceVersion "1"]
[SourceVersionDate "2021.10.06"]
[SourceQuality "1"]

1. d4 Nf6 2. c4 g6 3. Nc3 d5 4. cxd5 Nxd5 5. e4 Nxc3 6. bxc3 Bg7 7. Nf3 c5 8. Be3 0-0 9. h3 Qa5 10. Bd2 Rd8 11. Be2 Qa3 12. e5 cxd4 13. cxd4 Nc6 14. Be3 Nxe5 15. 0-0 Nc6 16. Rc1 Qxa2 17. Bc4 Qa3 18. d5 Ne5 19. Nxe5 Bxe5 20. Qf3 Qd6 21. Bb3 b6 22. Rc6 Qb4 23. Bh6 Bb7 24. d6 e6 25. Rc4 Qxc4 26. Qxb7 Qxb3 27. d7 Qd5 28. Qa6 Qxd7 29. Qe2 Bg7 30. Bg5 Rdc8 31. Re1 a5 32. Qe3 Rab8 33. h4 Qd4 34. Qg3 a4 35. h5 Qc3 36. h6 Qxg3 37. fxg3 Bh8 38. Rd1 b5 39. Bf4 Ra8 40. Rb1 a3 41. Bd6 a2 42. Rd1 a1Q 43. Rxa1 Rxa1+ 44. Kh2 0-1

[Event "EU-ch Online U14 Girls"]
[Site "Tornelo INT"]
[Date "2020.09.18"]
[Round "3"]
[White "Weersing, Abigail Riis"]
[Black "Romanova, Ela"]
[Result "1-0"]
[WhiteElo "1672"]
[BlackElo "1367"]
[PlyCount "53"]
[EventDate "2020.09.18"]
[EventType "swiss (rapid)"]
[EventRounds "9"]
[EventCountry "NET"]
[SourceTitle "EXT 2023"]
[Source "ChessBase"]
[SourceDate "2022.10.05"]
[SourceVersion "1"]
[SourceVersionDate "2022.10.05"]
[SourceQuality "1"]
[WhiteTeam "England"]
[BlackTeam "Slovakia"]
[WhiteTeamCountry "ENG"]
[BlackTeamCountry "SVK"]

1. d4 d5 2. c4 e6 3. Nc3 c6 4. Nf3 f5 5. Bg5 Nf6 6. e3 Bd6 7. Be2 0-0 8. 0-0 Nbd7 9. Qc2 Qe8 10. Bd3 Ne4 11. Bf4 Bb8 12. Rfe1 Ndf6 13. Ne5 g5 14. Bg3 Nxg3 15. hxg3 Qh5 16. Nf3 Ng4 17. Kf1 Qh1+ 18. Ke2 Qxg2 19. Nd1 Bxg3 20. Rg1 Qh3 21. Rxg3 Qh1 22. Rc1 e5 23. Nc3 Qh5 24. dxe5 f4 25. exf4 gxf4 26. Rgg1 Kf7 27. Rh1 1-0